| 000 | 00609nam a2200241 a 4500 | ||
|---|---|---|---|
| 001 | nice12345678 | ||
| 003 | IN_TiNIC | ||
| 005 | 20260116014141.0 | ||
| 008 | 070409s2005 dela grp 000 0 eng | ||
| 020 |
_a _c995 |
||
| 082 | 0 | 0 |
_a305.8 _bKHA |
| 100 | _aKhan, M Abbas | ||
| 245 | _aSocial Development in Twenty First Century | ||
| 260 |
_aDelhi _bAnmol Publishers _c2005 |
||
| 300 | _a376p | ||
| 500 | _aincludes index and biblioraphy | ||
| 505 | 2 | _aBibliography | |
| 650 | _aSociology-Development-Methodology | ||
| 700 | 1 | _aKhan, M Abbas | |
| 902 | _bSRS | ||
| 942 | _cBK | ||
| 999 |
_c14097 _d14097 |
||